słówka po włosku - Statystyki

Ogólne statystyki
  • Ten quiz został rozwiązany 33 razy
  • Średni wynik to 7 z 18
Statystyki odpowiedzi
Polski Włoski % Poprawnych
mały piccolo
92%
duży grande
77%
wysoki alto
62%
nowy nuovo
54%
niski basso
46%
ciepły caldo
46%
zimny freddo
46%
stary vecchio
38%
wolny lento
31%
szybki veloce
31%
krótki corto
23%
długi lungo
23%
czysty pulito
23%
wąski stretto
23%
szeroki largo
15%
brudny sporco
15%
jasny luminoso
8%
ciemny buio
0%
Nie znaleziono quizów pasujących do podanych kryteriów
Rozkład punktacji
Procent ludzi z każdym wynikiem
Percentyl według liczby udzielonych odpowiedzi
Twoja historia wyników
Nie rozwiązałeś tego quizu